| 000 | 01110nam0a2200325 4500 | ||
|---|---|---|---|
| 001 | RU\NLR\BIBL_A\011382660 | ||
| 005 | 20170529102131.0 | ||
| 010 |
_a978-5-4448-0654-8 _91000 |
||
| 021 |
_aRU _b2017-24518 _91818 |
||
| 035 | _a(NLR Aleph) 011382660 | ||
| 035 | _a(RuMoRGB)008846039 | ||
| 090 |
_a11410060 _c11410060 |
||
| 100 | _a20170510d2017 u y0rusy50 ca | ||
| 101 | 0 | _arus | |
| 102 | _aRU | ||
| 105 | _ay z 000ay | ||
| 200 | 1 |
_aПутем чая _eпутевые заметки в строчку и в столбик _fАлександр Стесин |
|
| 210 |
_aМосква _cНовое литературное обозрение _d2017 |
||
| 215 |
_a200, [1] с. _d20 |
||
| 225 | 1 |
_aПисьма русского путешественника _v029 |
|
| 686 |
_aШ5(2=Р)64-644 _2rubbk |
||
| 686 | 2 | _aШ6(2=Р)6-4 | |
| 700 | 1 |
_aСтесин _bА. М. _f1978- _gАлександр Михайлович |
|
| 942 | _cBOOK | ||
| 980 | _aNBR | ||
| 980 | _aNB | ||
| 996 |
_aметка _bnar |
||